Statistics for Northern America by Ethnicity in 45 Seconds (with a map)

Click here to take the quiz!

General Stats

  • This quiz has been taken 933 times
  • The average score is 45 of 64

Answers on the Map

Answers color-coded by a green-red scale on the quiz's map according to % correct below.
 

Answer Stats

EthnicityRegions% Correct
GermanAlaska
88%
GermanColorado
88%
GermanFlorida
88%
GermanIdaho
88%
GermanIllinois
88%
GermanIndiana
88%
GermanIowa
88%
GermanKansas
88%
GermanMichigan
88%
GermanMinnesota
88%
GermanMissouri
88%
GermanMontana
88%
GermanNebraska
88%
GermanNevada
88%
GermanNorth Dakota
88%
GermanOhio
88%
GermanOklahoma
88%
GermanOregon
88%
GermanPennsylvania
88%
GermanSaskatchewan
88%
GermanSouth Dakota
88%
GermanWashington
88%
GermanWisconsin
88%
GermanWyoming
88%
MexicanArizona
86%
MexicanCalifornia
86%
MexicanNew Mexico
86%
MexicanTexas
86%
EnglishBritish Columbia
85%
EnglishMaine
85%
EnglishManitoba
85%
EnglishUtah
85%
EnglishVermont
85%
EnglishYukon
85%
IrishMassachusetts
70%
IrishNew Hampshire
70%
ItalianConnecticut
66%
ItalianNew Jersey
66%
ItalianNew York
66%
ItalianRhode Island
66%
African AmericanAlabama
58%
African AmericanDelaware
58%
African AmericanGeorgia
58%
African AmericanLouisiana
58%
African AmericanMaryland
58%
African AmericanMississippi
58%
African AmericanNorth Carolina
58%
InuitNunavut
58%
African AmericanSouth Carolina
58%
African AmericanVirginia
58%
AmericanArkansas
52%
AmericanKentucky
52%
AmericanTennessee
52%
AmericanWest Virginia
52%
InuitGreenland
46%
CanadianAlberta
38%
CanadianNew Brunswick
38%
CanadianNewfoundland and Labrador
38%
CanadianNova Scotia
38%
CanadianOntario
38%
CanadianPrince Edward Island
38%
CanadienQuebec
38%
First NationsNorthwest Territories
23%
JapaneseHawaii
16%

Score Distribution

Percentile by Number Answered

Percent of People with Each Score

Your Score History

You have not taken this quiz